[Event "1st FIDE OWCCCC Pools-East 2021"]
[Site "Online"]
[Date "2021.02.19"]
[Round "1.16"]
[White "Fedorenko, Irina"]
[Black "Busari, Sangmesh"]
[Result "0-1"]
[WhiteElo "1430"]
[BlackElo "1568"]
[Annotator "NA"]
[PlyCount "66"]
[EventDate "2021.02.19"]
[EventType "team-tourn"]
[EventCountry "NET"]
[SourceTitle "playchess.com"]
[Source "ChessBase"]
[SourceQuality "1"]

1. d4 d5 2. c4 dxc4 3. e4 Nc6 4. Nf3 Bg4 5. Be2 Bxf3 6. gxf3 Nxd4 7. Bxc4 Nf6 8. Be3 c5 9. Nc3 e5 10. Nd5 Nxd5 11. Bxd5 Qa5+ 12. Qd2 Nc2+ 13. Kd1 Qxd2+ 14. Bxd2 Nxa1 15. Ke2 Nc2 16. Bxb7 Rb8 17. Bc6+ Ke7 18. Rc1 Nd4+ 19. Ke3 Nxc6 20. Rxc5 Kd6 21. Rd5+ Ke6 22. f4 exf4+ 23. Kxf4 Bd6+ 24. Ke3 Rxb2 25. Bc3 Rxa2 26. Bxg7 Rb8 27. Rd3 Nb4 28. Rb3 Nc2+ 29. Kd3 Rxb3+ 30. Bc3 Be5 31. Kc4 Rxc3+ 32. Kb5 Rb2+ 33. Ka6 Ra3# 0-1

[Event "1st FIDE OWCCCC Pools-East 2021"]
[Site "Online"]
[Date "2021.02.19"]
[Round "1.17"]
[White "GMAlex"]
[Black "van Ravensteijn, Antal"]
[Result "1-0"]
[WhiteElo "2534"]
[BlackElo "2100"]
[Annotator "TA"]
[PlyCount "109"]
[EventDate "2021.02.19"]
[EventType "team-tourn"]
[EventCountry "NET"]
[SourceTitle "playchess.com"]
[Source "ChessBase"]
[SourceQuality "1"]

1. e4 c5 2. Nc3 e6 3. Nf3 Nc6 4. Bb5 Nge7 5. O-O g6 6. d4 cxd4 7. Nxd4 Bg7 8. Be3 O-O 9. Qd2 d5 10. exd5 Nxd4 11. Bxd4 Nxd5 12. Bxg7 Kxg7 13. Nxd5 exd5 14. Rad1 Be6 15. Ba4 Qf6 16. Qd4 Rfd8 17. Bb3 b5 18. a3 a5 19. c3 Qxd4 20. Rxd4 Ra7 21. Rfd1 Rad7 22. f3 a4 23. Bc2 Rd6 24. Kf2 f5 25. f4 Kf6 26. Rb4 Bd7 27. Re1 Re6 28. Rxe6+ Kxe6 29. Bd3 Rb8 30. h4 h5 31. Bc2 Ra8 32. Rd4 Bc6 33. g3 Kd6 34. Rd3 Re8 35. Bb1 Re4 36. Re3 Rxe3 37. Kxe3 Bd7 38. Kd4 Bc6 39. Bc2 Bd7 40. b3 axb3 41. Bxb3 Bc6 42. Bd1 Bd7 43. Bc2 Bc6 44. Bb3 Bb7 45. a4 bxa4 46. Bxa4 Ba6 47. Be8 Be2 48. Bxg6 Bg4 49. Be8 Bf3 50. Bf7 Kc6 51. Bg6 Bg4 52. Ke5 Kc5 53. Bxf5 Bxf5 54. Kxf5 Kc4 55. Ke5 1-0

[Event "1st FIDE OWCCCC Pools-East 2021"]
[Site "Online"]
[Date "2021.02.19"]
[Round "1.17"]
[White "Vinod Kumar Sharma"]
[Black "Batchuluun, Tsegmed"]
[Result "0-1"]
[WhiteElo "2173"]
[BlackElo "2536"]
[Annotator "TA"]
[PlyCount "32"]
[EventDate "2021.02.19"]
[EventType "team-tourn"]
[EventCountry "NET"]
[SourceTitle "playchess.com"]
[Source "ChessBase"]
[SourceQuality "1"]

1. c4 e5 2. Nf3 Nc6 3. b3 Nf6 4. g3 e4 5. Bh3 exf3 6. exf3 d5 7. Qe2+ Be7 8. g4 dxc4 9. g5 Nd4 10. Qe3 Nc2+ 11. Ke2 Nxe3 12. fxe3 Bxh3 13. Rg1 Qd3+ 14. Kd1 Nd5 15. Nc3 Nxc3+ 16. Ke1 Qe2# 0-1

[Event "1st FIDE OWCCCC Pools-East 2021"]
[Site "Online"]
[Date "2021.02.19"]
[Round "1.17"]
[White "Kulovana, Eva"]
[Black "Papu"]
[Result "1-0"]
[WhiteElo "2141"]
[BlackElo "1689"]
[Annotator "NA"]
[PlyCount "65"]
[EventDate "2021.02.19"]
[EventType "team-tourn"]
[EventCountry "NET"]
[SourceTitle "playchess.com"]
[Source "ChessBase"]
[SourceQuality "1"]

1. e4 c5 2. Nf3 e6 3. b3 a6 4. Bb2 Qc7 5. g3 b5 6. Bg2 Bb7 7. Qe2 Nc6 8. O-O Nf6 9. d3 d6 10. a4 b4 11. Nbd2 Be7 12. Nc4 O-O 13. e5 dxe5 14. Nfxe5 Rad8 15. Nxc6 Bxc6 16. Be5 Qd7 17. Bxc6 Qxc6 18. f4 Nd7 19. Bb2 Rfe8 20. Rae1 Nb6 21. Ne5 Qc7 22. Qh5 Bf6 23. Re4 Nd5 24. Rfe1 a5 25. Qf3 Ne7 26. g4 Nd5 27. Kh1 Be7 28. f5 exf5 29. Qxf5 Nf6 30. g5 Nxe4 31. Qxf7+ Kh8 32. Ng6+ hxg6 33. Qxg7# 1-0

[Event "1st FIDE OWCCCC Pools-East 2021"]
[Site "Online"]
[Date "2021.02.19"]
[Round "1.17"]
[White "Gajendra, Singh"]
[Black "P V N, Prameela"]
[Result "1-0"]
[WhiteElo "1850"]
[BlackElo "689"]
[Annotator "NA"]
[PlyCount "29"]
[EventDate "2021.02.19"]
[EventType "team-tourn"]
[EventCountry "NET"]
[SourceTitle "playchess.com"]
[Source "ChessBase"]
[SourceQuality "1"]

1. d4 g6 2. Nf3 Bg7 3. c4 Nh6 4. Nc3 O-O 5. e4 d6 6. h3 f6 7. Be3 e5 8. d5 b6 9. Qd2 c6 10. Bxh6 Bxh6 11. Qxh6 Na6 12. dxc6 Nc7 13. Be2 f5 14. Ng5 Ne6 15. Qxh7# 1-0

[Event "1st FIDE OWCCCC Pools-East 2021"]
[Site "Online"]
[Date "2021.02.19"]
[Round "1.17"]
[White "Baranov, Oleksii"]
[Black "Sodoma, Jan"]
[Result "0-1"]
[WhiteElo "1830"]
[BlackElo "2306"]
[Annotator "NA"]
[PlyCount "68"]
[EventDate "2021.02.19"]
[EventType "team-tourn"]
[EventCountry "NET"]
[SourceTitle "playchess.com"]
[Source "ChessBase"]
[SourceQuality "1"]

1. e4 e5 2. Bc4 Nf6 3. d3 Nc6 4. Nf3 Bc5 5. Nc3 a6 6. a4 d6 7. O-O h6 8. h3 O-O 9. Be3 Bxe3 10. fxe3 Ne7 11. d4 Ng6 12. b4 c6 13. a5 Qe7 14. d5 Bd7 15. Rb1 Rac8 16. Bd3 cxd5 17. Nxd5 Nxd5 18. exd5 e4 19. Bxe4 Qxe4 20. Re1 Rxc2 21. Nd2 Qd3 22. Nf3 Qxd1 23. Rexd1 Rfc8 24. Nd4 R2c3 25. Kf2 Ne5 26. Ke2 Bb5+ 27. Kf2 Bd3 28. Rb2 Be4 29. Rbd2 g6 30. g3 Nd3+ 31. Ke2 Nxb4 32. Rb2 Nxd5 33. Rxb7 Nxe3 34. Re1 Bxb7 0-1

[Event "1st FIDE OWCCCC Pools-East 2021"]
[Site "Online"]
[Date "2021.02.19"]
[Round "1.18"]
[White "terrry"]
[Black "Zihlin, Oleh"]
[Result "1-0"]
[WhiteElo "2231"]
[BlackElo "1690"]
[Annotator "NA"]
[PlyCount "65"]
[EventDate "2021.02.19"]
[EventType "team-tourn"]
[EventCountry "NET"]
[SourceTitle "playchess.com"]
[Source "ChessBase"]
[SourceQuality "1"]

1. e4 e5 2. Nf3 d5 3. exd5 Bd6 4. Nc3 Nf6 5. Bb5+ c6 6. dxc6 bxc6 7. Ba4 e4 8. Qe2 O-O 9. Ng5 Re8 10. Bb3 Re7 11. Nxf7 Rxf7 12. Bxf7+ Kxf7 13. Nxe4 Bf4 14. d3 Bxc1 15. Rxc1 Bg4 16. Qe3 Qa5+ 17. Nc3 Nbd7 18. O-O Re8 19. Qg3 Qb4 20. Rb1 Bh5 21. Qc7 c5 22. a3 Qg4 23. h3 Qe6 24. Qxa7 Kg8 25. Qb7 Bg6 26. a4 Rb8 27. Qf3 Ne5 28. Qg3 Nh5 29. Qe3 Rf8 30. Rbe1 Nf4 31. Qxe5 Nxh3+ 32. gxh3 Qxh3 33. Qg3 1-0

[Event "1st FIDE OWCCCC Pools-East 2021"]
[Site "Online"]
[Date "2021.02.19"]
[Round "1.18"]
[White "Lkhagvasuren, Zolboo"]
[Black "Kaur, Satvinder"]
[Result "1-0"]
[WhiteElo "1888"]
[BlackElo "1155"]
[Annotator "NA"]
[PlyCount "57"]
[EventDate "2021.02.19"]
[EventType "team-tourn"]
[EventCountry "NET"]
[SourceTitle "playchess.com"]
[Source "ChessBase"]
[SourceQuality "1"]

1. e4 e5 2. Nf3 f6 3. Bc4 Ne7 4. d4 Nbc6 5. Be3 b6 6. d5 Na5 7. Be2 a6 8. b4 Nb7 9. c3 d6 10. O-O c5 11. a3 Bd7 12. Nbd2 Qc7 13. Rc1 O-O-O 14. Bxa6 Kb8 15. Qe2 Qc6 16. dxc6 Bxc6 17. Ra1 Kc7 18. a4 cxb4 19. cxb4 Nc8 20. a5 d5 21. exd5 Bxd5 22. axb6+ Nxb6 23. Bxb6+ Kxb6 24. Qb5+ Kc7 25. Bxb7 Rb8 26. Rfc1+ Kd6 27. Qxd5+ Ke7 28. Rc7+ Ke8 29. Qd7# 1-0

[Event "1st FIDE OWCCCC Pools-East 2021"]
[Site "Online"]
[Date "2021.02.19"]
[Round "1.18"]
[White "Arnold, Kiri"]
[Black "Todorovic, Bojan"]
[Result "0-1"]
[WhiteElo "1727"]
[BlackElo "2280"]
[Annotator "NA"]
[PlyCount "50"]
[EventDate "2021.02.19"]
[EventType "team-tourn"]
[EventCountry "NET"]
[SourceTitle "playchess.com"]
[Source "ChessBase"]
[SourceQuality "1"]

1. e4 e5 2. d4 exd4 3. c3 d3 4. Bxd3 Nc6 5. Nf3 d6 6. h3 Nf6 7. Nbd2 Be7 8. Nb3 O-O 9. O-O Ne5 10. Bc2 b6 11. Re1 Bb7 12. Nbd4 g6 13. Bh6 Re8 14. b3 Nxf3+ 15. Qxf3 d5 16. e5 Ne4 17. Rad1 Bg5 18. Bxg5 Qxg5 19. c4 Qxe5 20. Qg4 f5 21. Qh4 Qf6 22. Qxf6 Nxf6 23. Ne6 Re7 24. f3 Rae8 25. c5 Rxe6 0-1

[Event "1st FIDE OWCCCC Pools-East 2021"]
[Site "Online"]
[Date "2021.02.19"]
[Round "1.18"]
[White "Bhagwat, Madhuri"]
[Black "Zigo, Viktor"]
[Result "0-1"]
[WhiteElo "914"]
[BlackElo "2214"]
[Annotator "NA"]
[PlyCount "52"]
[EventDate "2021.02.19"]
[EventType "team-tourn"]
[EventCountry "NET"]
[SourceTitle "playchess.com"]
[Source "ChessBase"]
[SourceQuality "1"]

1. e4 e5 2. Bc4 Nf6 3. Nc3 Nc6 4. d3 Be7 5. Nd5 d6 6. Nf3 Bg4 7. h3 Bh5 8. Qd2 Bxf3 9. gxf3 Nd4 10. c3 Nxf3+ 11. Kd1 Nxd2 12. Bxd2 Nxd5 13. Bxd5 c6 14. Bc4 Bg5 15. Rg1 Bxd2 16. Kxd2 Qf6 17. Rgf1 O-O-O 18. f3 d5 19. exd5 cxd5 20. d4 dxc4 21. a3 exd4 22. cxd4 Rxd4+ 23. Kc2 Qf5+ 24. Kc3 Qd3+ 25. Kb4 Qb3+ 26. Kc5 Qb6# 0-1

[Event "1st FIDE OWCCCC Pools-East 2021"]
[Site "Online"]
[Date "2021.02.19"]
[Round "1.19"]
[White "Sriram, Jha"]
[Black "Chintamani Bhatawadekar"]
[Result "1-0"]
[WhiteElo "2379"]
[BlackElo "1249"]
[Annotator "NA"]
[PlyCount "89"]
[EventDate "2021.02.19"]
[EventType "team-tourn"]
[EventCountry "NET"]
[SourceTitle "playchess.com"]
[Source "ChessBase"]
[SourceQuality "1"]

1. Nf3 d5 2. e3 Nc6 3. b3 e5 4. Bb5 Nge7 5. Nxe5 Qd6 6. Bb2 f6 7. Nxc6 Nxc6 8. Nc3 a6 9. Bxc6+ Qxc6 10. Qh5+ g6 11. Qxd5 Bd7 12. Qe4+ Be6 13. Qxc6+ bxc6 14. Ne4 Be7 15. Bxf6 Bd5 16. Bxh8 Bxe4 17. O-O Bxc2 18. Rac1 Bd3 19. Rfe1 Be4 20. Bb2 O-O-O 21. f3 Bd5 22. e4 Bf7 23. d4 Be8 24. Red1 Kb7 25. Kf2 Bd6 26. g3 Kb6 27. Rc2 Be7 28. Bc1 Bb4 29. Be3 a5 30. Rdc1 Rd6 31. d5+ c5 32. Bxc5+ Bxc5+ 33. Rxc5 c6 34. dxc6 Bxc6 35. e5 Rd2+ 36. Ke3 Rxa2 37. Rxc6+ Kb5 38. e6 Kb4 39. e7 Kxb3 40. e8=Q Ra3 41. R1c3+ Ka2 42. Rxa3+ Kxa3 43. Rb6 a4 44. Qb5 Ka2 45. Qb2# 1-0

[Event "1st FIDE OWCCCC Pools-East 2021"]
[Site "Online"]
[Date "2021.02.19"]
[Round "1.19"]
[White "Brychta, David"]
[Black "Verma, Shardul"]
[Result "1-0"]
[WhiteElo "2147"]
[BlackElo "1466"]
[Annotator "NA"]
[PlyCount "75"]
[EventDate "2021.02.19"]
[EventType "team-tourn"]
[EventCountry "NET"]
[SourceTitle "playchess.com"]
[Source "ChessBase"]
[SourceQuality "1"]

1. d4 d5 2. Nf3 g6 3. c4 Nf6 4. Nc3 dxc4 5. Qa4+ Nc6 6. e4 Bd7 7. Qxc4 Bg7 8. Be3 O-O 9. h3 Na5 10. Qd3 a6 11. Be2 b5 12. a3 Nb3 13. Rd1 Rb8 14. O-O Qc8 15. Nd5 Na5 16. Nxe7+ Kh8 17. Nxc8 Bxc8 18. Qc3 Nb7 19. Qxc7 Bd7 20. e5 Rfc8 21. Qb6 Nd5 22. Qa7 a5 23. Rc1 Rd8 24. Bg5 f6 25. exf6 Nxf6 26. Ne5 Bf5 27. Nf7+ Kg8 28. Nxd8 Rxd8 29. Qxb7 h6 30. Bf4 Nd5 31. Be5 Bxe5 32. dxe5 Nf4 33. Bxb5 Rf8 34. Rc7 Ne6 35. Bc4 Kh8 36. Rh7+ Kg8 37. Bxe6+ Bxe6 38. Qg7# 1-0

[Event "1st FIDE OWCCCC Pools-East 2021"]
[Site "Online"]
[Date "2021.02.19"]
[Round "1.19"]
[White "Mitic, Milan"]
[Black "van Beek, Joost"]
[Result "1-0"]
[WhiteElo "1993"]
[BlackElo "1125"]
[Annotator "NA"]
[PlyCount "95"]
[EventDate "2021.02.19"]
[EventType "team-tourn"]
[EventCountry "NET"]
[SourceTitle "playchess.com"]
[Source "ChessBase"]
[SourceQuality "1"]

1. e4 e5 2. Nf3 Nc6 3. Bc4 Bc5 4. O-O Nf6 5. Re1 d5 6. exd5 Nxd5 7. Nxe5 O-O 8. Nxc6 bxc6 9. d4 Bd6 10. Nd2 Be6 11. Nf3 Bg4 12. Bd3 Nb4 13. c3 Nxd3 14. Qxd3 Bxf3 15. Qxf3 h6 16. Bf4 Bxf4 17. Qxf4 Qd6 18. Qxd6 cxd6 19. Re7 Rfe8 20. Rae1 Rxe7 21. Rxe7 a5 22. Rc7 Re8 23. Kf1 c5 24. dxc5 dxc5 25. Rxc5 Ra8 26. Rc7 a4 27. c4 Kf8 28. Ke2 Ke8 29. Kd3 g5 30. Ke4 h5 31. c5 Ra5 32. Kf5 Kd8 33. Rxf7 Rxc5+ 34. Kg6 h4 35. Ra7 g4 36. Rxa4 h3 37. gxh3 gxh3 38. Rh4 Rc2 39. Rxh3 Rxb2 40. Rf3 Rxa2 41. h4 Ra6+ 42. Kg7 Re6 43. h5 Re7+ 44. Rf7 Re6 45. h6 Re8 46. Rf8 Rxf8 47. Kxf8 Kd7 48. h7 1-0

[Event "1st FIDE OWCCCC Pools-East 2021"]
[Site "Online"]
[Date "2021.02.19"]
[Round "1.19"]
[White "Maharana Sanjay Kumar"]
[Black "Munguntuul, Batkhuyag"]
[Result "0-1"]
[WhiteElo "1701"]
[BlackElo "2428"]
[Annotator "NA"]
[PlyCount "70"]
[EventDate "2021.02.19"]
[EventType "team-tourn"]
[EventCountry "NET"]
[SourceTitle "playchess.com"]
[Source "ChessBase"]
[SourceQuality "1"]

1. e4 c5 2. Nf3 e6 3. d4 cxd4 4. Nxd4 Nc6 5. Nc3 Qc7 6. Be2 a6 7. O-O Nf6 8. Nf3 b5 9. a3 Bb7 10. e5 Nxe5 11. Bf4 Bd6 12. Bg3 Nxf3+ 13. Bxf3 Bxg3 14. fxg3 O-O 15. Bxb7 Qxb7 16. Ne2 Ne4 17. b4 Rac8 18. Qe1 Rxc2 19. Rc1 Rxc1 20. Nxc1 Rc8 21. Ne2 h6 22. Nf4 d5 23. Nd3 Qb6+ 24. Nf2 Rc2 25. Kh1 Nxf2+ 26. Rxf2 Qxf2 27. Qg1 Qd2 28. h4 Rc1 29. Qxc1 Qxc1+ 30. Kh2 d4 31. Kh3 d3 32. Kh2 d2 33. h5 d1=Q 34. Kh3 Qg5 35. Kh2 Qgxh5# 0-1

[Event "1st FIDE OWCCCC Pools-East 2021"]
[Site "Online"]
[Date "2021.02.19"]
[Round "1.20"]
[White "Vevera, Radek"]
[Black "Shumilova, Valerija"]
[Result "1-0"]
[WhiteElo "2062"]
[BlackElo "704"]
[Annotator "NA"]
[PlyCount "97"]
[EventDate "2021.02.19"]
[EventType "team-tourn"]
[EventCountry "NET"]
[SourceTitle "playchess.com"]
[Source "ChessBase"]
[SourceQuality "1"]

1. e4 e5 2. Nf3 Bd6 3. d4 Nf6 4. dxe5 Bxe5 5. Nxe5 O-O 6. Bd3 d6 7. Nf3 Qe8 8. O-O Nxe4 9. Re1 Bf5 10. Nbd2 d5 11. c4 Qe6 12. cxd5 Qxd5 13. Bxe4 Bxe4 14. Nxe4 Qxd1 15. Rxd1 Nc6 16. Bf4 Rae8 17. Nc5 Re7 18. Rd7 Rxd7 19. Nxd7 Rd8 20. Re1 h6 21. Nfe5 Nxe5 22. Nxe5 g5 23. Bg3 Rd2 24. h4 f6 25. Nc4 Rd4 26. Re8+ Kf7 27. Rc8 Rxc4 28. Rxc7+ Rxc7 29. Bxc7 gxh4 30. Kh2 f5 31. Kh3 Kg6 32. Kxh4 h5 33. f4 b6 34. Be5 b5 35. b4 a6 36. a3 Kh6 37. Bf6 Kg6 38. Bg5 Kh7 39. Kxh5 Kg7 40. g3 Kh7 41. Bf6 Kg8 42. Kg6 Kf8 43. Kxf5 Kg8 44. Kg6 Kf8 45. f5 Kg8 46. Bd4 Kf8 47. f6 Kg8 48. f7+ Kf8 49. Bc5# 1-0

[Event "1st FIDE OWCCCC Pools-East 2021"]
[Site "Online"]
[Date "2021.02.19"]
[Round "1.20"]
[White "Munkhzul, Davaakhuu"]
[Black "Suri Devender Singh"]
[Result "1-0"]
[WhiteElo "1991"]
[BlackElo "2117"]
[Annotator "NA"]
[PlyCount "75"]
[EventDate "2021.02.19"]
[EventType "team-tourn"]
[EventCountry "NET"]
[SourceTitle "playchess.com"]
[Source "ChessBase"]
[SourceQuality "1"]

1. e4 c5 2. Nf3 e6 3. d4 cxd4 4. Nxd4 Nf6 5. Nc3 d6 6. g4 Be7 7. g5 Nfd7 8. h4 Nc6 9. Be3 Qc7 10. Qd2 a6 11. Bg2 Nde5 12. O-O-O Nc4 13. Qe2 Nxe3 14. Qxe3 O-O 15. f4 Nxd4 16. Qxd4 e5 17. Qf2 exf4 18. Nd5 Qd8 19. Qxf4 Be6 20. Nxe7+ Qxe7 21. Qxd6 Qe8 22. Kb1 Rc8 23. Qb4 a5 24. Qd2 Qb5 25. Bh3 Rfe8 26. Bxe6 Rxe6 27. Rhe1 g6 28. Qd7 Qc4 29. Qd3 Qc5 30. Rf1 Rec6 31. Rd2 R6c7 32. Qd5 Qe7 33. a3 b6 34. h5 Rc5 35. Qd3 Rxg5 36. hxg6 hxg6 37. Rh2 Kg7 38. Rfh1 1-0

[Event "1st FIDE OWCCCC Pools-East 2021"]
[Site "Online"]
[Date "2021.02.19"]
[Round "1.20"]
[White "GB_Chess_"]
[Black "Kiran, Manisha Mohanty"]
[Result "0-1"]
[WhiteElo "1772"]
[BlackElo "2168"]
[Annotator "NA"]
[PlyCount "100"]
[EventDate "2021.02.19"]
[EventType "team-tourn"]
[EventCountry "NET"]
[SourceTitle "playchess.com"]
[Source "ChessBase"]
[SourceQuality "1"]

1. e4 c5 2. Nf3 d6 3. d4 cxd4 4. c3 d3 5. Bxd3 Nc6 6. O-O Nf6 7. Nd4 g6 8. Nxc6 bxc6 9. f4 Bg7 10. Be3 O-O 11. Nd2 Ng4 12. Qf3 Nxe3 13. Qxe3 Rb8 14. Rab1 Be6 15. Bc4 d5 16. exd5 cxd5 17. Bb3 d4 18. Qe2 Bf5 19. Rbd1 dxc3 20. bxc3 Bd3 21. Qf3 Bxf1 22. Nxf1 Qc7 23. c4 Rbd8 24. Re1 Rd4 25. g3 Rfd8 26. f5 Rd3 27. Qg4 Qc6 28. h3 h5 29. Qg5 Bf6 30. Qh6 Qc5+ 31. Kg2 Qxf5 32. Qf4 Qxf4 33. gxf4 Rc3 34. Re2 Rdd3 35. Re4 Kg7 36. c5 Rxc5 37. Ra4 Rc7 38. Kh2 h4 39. Kg2 Bd4 40. Kh2 Rcc3 41. Kg2 Bb6 42. Re4 e6 43. f5 exf5 44. Rxh4 Rc1 45. Rf4 Rb1 46. Rf2 Bxf2 47. Kxf2 Rdxb3 48. axb3 Rxb3 49. Ne3 Rxe3 50. Kxe3 g5 0-1

[Event "1st FIDE OWCCCC Pools-East 2021"]
[Site "Online"]
[Date "2021.02.19"]
[Round "1.20"]
[White "Galpalli, Sumit"]
[Black "Hron, Robert"]
[Result "0-1"]
[WhiteElo "1513"]
[BlackElo "2009"]
[Annotator "NA"]
[PlyCount "60"]
[EventDate "2021.02.19"]
[EventType "team-tourn"]
[EventCountry "NET"]
[SourceTitle "playchess.com"]
[Source "ChessBase"]
[SourceQuality "1"]

1. d4 e6 2. e4 d5 3. Nc3 Nf6 4. Bg5 Be7 5. Bxf6 Bxf6 6. e5 Be7 7. Nf3 c5 8. b3 Nc6 9. Bb5 Qa5 10. Bxc6+ bxc6 11. Qd2 cxd4 12. Nxd4 Bd7 13. Qe3 c5 14. Nde2 d4 15. b4 Qxb4 16. Qf3 O-O 17. Rb1 Qa5 18. O-O dxc3 19. Nxc3 Rab8 20. Rbd1 Rfd8 21. Rfe1 c4 22. Ne2 Ba4 23. Rxd8+ Rxd8 24. Rf1 Bxc2 25. h3 Bd3 26. Rc1 Qd2 27. Rf1 Qxe2 28. Qxe2 Bxe2 29. Rc1 Rd1+ 30. Rxd1 Bxd1 0-1

[Event "1st FIDE OWCCCC Pools-East 2021"]
[Site "Online"]
[Date "2021.02.19"]
[Round "1.21"]
[White "Nihal Sarin"]
[Black "Giri, Anish"]
[Result "1/2-1/2"]
[WhiteElo "2620"]
[BlackElo "2764"]
[Annotator "TA"]
[PlyCount "73"]
[EventDate "2021.02.19"]
[EventType "team-tourn"]
[EventCountry "NET"]
[SourceTitle "playchess.com"]
[Source "ChessBase"]
[SourceQuality "1"]

1. d4 Nf6 2. Bg5 e6 3. e4 h6 4. Bxf6 Qxf6 5. c3 c5 6. Nf3 cxd4 7. cxd4 Bb4+ 8. Nc3 O-O 9. Bd3 d6 10. e5 dxe5 11. dxe5 Bxc3+ 12. bxc3 Qe7 13. Qe2 Nd7 14. Qe4 g6 15. Qf4 Kg7 16. O-O Nc5 17. Bc2 b6 18. h4 Ba6 19. Rfe1 Bd3 20. Bb3 Rac8 21. Re3 Ba6 22. Bc2 Nd7 23. Nd4 Rc5 24. h5 Qg5 25. Qxg5 hxg5 26. hxg6 Rxe5 27. Rxe5 Nxe5 28. gxf7 Bc4 29. Bb3 Kf6 30. Re1 Bxb3 31. axb3 Rxf7 32. Re3 Rd7 33. Kf1 Rd6 34. Ke2 Nc6 35. Nxc6 Rxc6 36. Rf3+ Ke7 37. Rh3 1/2-1/2

[Event "1st FIDE OWCCCC Pools-East 2021"]
[Site "Online"]
[Date "2021.02.19"]
[Round "1.21"]
[White "Jojua, Davit"]
[Black "Nachiket, Paturkar"]
[Result "1-0"]
[WhiteElo "2557"]
[BlackElo "2050"]
[Annotator "ChessBase"]
[PlyCount "23"]
[EventDate "2021.02.19"]
[EventType "team-tourn"]
[EventCountry "NET"]
[SourceTitle "playchess.com"]
[Source "ChessBase"]
[SourceQuality "1"]

1. d4 Nf6 2. c4 g6 3. g3 Bg7 4. Bg2 O-O 5. Nc3 d6 6. Nf3 Nbd7 7. O-O a6 8. e4 c5 9. h3 Rb8 10. e5 Ne8 11. dxc5 Nxc5 12. Be3 1-0

[Event "1st FIDE OWCCCC Pools-East 2021"]
[Site "Online"]
[Date "2021.02.19"]
[Round "1.21"]
[White "Smid, Miroslav"]
[Black "Zunino, Davide"]
[Result "1-0"]
[WhiteElo "2242"]
[BlackElo "1999"]
[Annotator "NA"]
[PlyCount "59"]
[EventDate "2021.02.19"]
[EventType "team-tourn"]
[EventCountry "NET"]
[SourceTitle "playchess.com"]
[Source "ChessBase"]
[SourceQuality "1"]

1. e4 g6 2. d4 Bg7 3. Nc3 d6 4. Be3 a6 5. f3 Nd7 6. Qd2 b5 7. h4 h5 8. O-O-O Nb6 9. Nh3 b4 10. Nd5 Nxd5 11. exd5 Bb7 12. Bc4 c6 13. Qxb4 Rb8 14. dxc6 Bxc6 15. Qd2 d5 16. Bb3 Qb6 17. Nf4 a5 18. a4 e6 19. Qc3 Nf6 20. Qc5 Qb7 21. Rhe1 Nd7 22. Qa3 Nb6 23. Nd3 Bf8 24. Nc5 Bxc5 25. dxc5 Nc4 26. Bxc4 dxc4 27. Bf4 Rc8 28. Qc3 Rg8 29. Qxc4 Bd5 30. Qxd5 1-0

[Event "1st FIDE OWCCCC Pools-East 2021"]
[Site "Online"]
[Date "2021.02.19"]
[Round "1.21"]
[White "Miturova, Magdalena"]
[Black "Agrawal, Aseem"]
[Result "1-0"]
[WhiteElo "2219"]
[BlackElo "1602"]
[Annotator "NA"]
[PlyCount "47"]
[EventDate "2021.02.19"]
[EventType "team-tourn"]
[EventCountry "NET"]
[SourceTitle "playchess.com"]
[Source "ChessBase"]
[SourceQuality "1"]

1. e4 c5 2. Nf3 d6 3. d4 cxd4 4. Nxd4 Nf6 5. Nc3 a6 6. Bc4 g6 7. Bb3 Bg7 8. f3 Nc6 9. Be3 Bd7 10. Qd2 Rc8 11. O-O-O O-O 12. h4 h5 13. Nd5 b5 14. Nxc6 Bxc6 15. Bh6 Nxd5 16. exd5 Bd7 17. g4 hxg4 18. h5 Bf5 19. fxg4 Bxg4 20. Bxg7 Bxd1 21. Qh6 Rxc2+ 22. Bxc2 f5 23. hxg6 Bxc2 24. Qh7# 1-0

[Event "1st FIDE OWCCCC Pools-East 2021"]
[Site "Online"]
[Date "2021.02.19"]
[Round "1.21"]
[White "Osinga, Angelique"]
[Black "Georgiadis, Ioannis"]
[Result "0-1"]
[WhiteElo "1955"]
[BlackElo "2487"]
[Annotator "ChessBase"]
[PlyCount "90"]
[EventDate "2021.02.19"]
[EventType "team-tourn"]
[EventCountry "NET"]
[SourceTitle "playchess.com"]
[Source "ChessBase"]
[SourceQuality "1"]

1. e4 c5 2. c3 d5 3. exd5 Qxd5 4. d4 Nf6 5. Nf3 e6 6. Be2 Be7 7. Na3 Nc6 8. O-O O-O 9. Nb5 Qd8 10. dxc5 Bxc5 11. Bg5 a6 12. Nbd4 Nxd4 13. cxd4 Be7 14. Ne5 h6 15. Bh4 Qb6 16. b3 Rd8 17. Nf3 Bd7 18. Rc1 Bc6 19. Bg3 Rac8 20. Qd2 Ne4 21. Qb2 Nxg3 22. hxg3 Qa5 23. Qb1 Ba3 24. Rc4 b5 25. b4 Qa4 26. Bd1 bxc4 27. Bxa4 Bxa4 28. Ne1 Rxd4 29. Nc2 Bxc2 30. Qxc2 Bxb4 31. Rd1 Rxd1+ 32. Qxd1 c3 33. Qd7 Rc5 34. Qd8+ Kh7 35. Qd3+ g6 36. Qd7 Rf5 37. Qd3 Rd5 38. Qf3 Kg7 39. Qe4 Be7 40. Kf1 Bf6 41. Ke1 Rd2 42. Qb1 c2 43. Qc1 Rd1+ 44. Qxd1 cxd1=Q+ 45. Kxd1 Bd4 0-1

[Event "1st FIDE OWCCCC Pools-East 2021"]
[Site "Online"]
[Date "2021.02.19"]
[Round "1.22"]
[White "Lobachev, Yury"]
[Black "Shrivastava Aditi"]
[Result "0-1"]
[WhiteElo "2345"]
[BlackElo "1449"]
[Annotator "NA"]
[PlyCount "44"]
[EventDate "2021.02.19"]
[EventType "team-tourn"]
[EventCountry "NET"]
[SourceTitle "playchess.com"]
[Source "ChessBase"]
[SourceQuality "1"]

1. c4 c6 2. Nc3 Nf6 3. Nf3 d5 4. cxd5 cxd5 5. d4 e6 6. g3 Nc6 7. Bg2 Be7 8. O-O O-O 9. Bg5 h6 10. Bxf6 Bxf6 11. e3 a6 12. a3 Re8 13. Rc1 Bd7 14. b4 b5 15. Qb3 Rc8 16. Ne1 Ne7 17. Nd3 Nf5 18. Nc5 Rc6 19. Nxd5 exd5 20. Bxd5 Be6 21. Bg2 Bxb3 22. Bd5 Bxd5 0-1

[Event "1st FIDE OWCCCC Pools-East 2021"]
[Site "Online"]
[Date "2021.02.19"]
[Round "1.22"]
[White "Alcaraz Ortega, Javier"]
[Black "Shashi Nand Kumar"]
[Result "1-0"]
[WhiteElo "2314"]
[BlackElo "1571"]
[Annotator "NA"]
[PlyCount "61"]
[EventDate "2021.02.19"]
[EventType "team-tourn"]
[EventCountry "NET"]
[SourceTitle "playchess.com"]
[Source "ChessBase"]
[SourceQuality "1"]

1. d4 d5 2. Bf4 Nf6 3. e3 Nc6 4. Nf3 Bf5 5. c4 e6 6. Nc3 a6 7. Rc1 Bd6 8. Bg5 h6 9. Bxf6 Qxf6 10. cxd5 exd5 11. Nxd5 Qe6 12. Bc4 Qd7 13. Nc3 O-O 14. O-O Bg4 15. Be2 Rad8 16. Ne4 Qf5 17. Nxd6 Rxd6 18. Rc5 Qe4 19. Qc2 Qe6 20. a3 Qd7 21. Rc1 Rd5 22. Qe4 Rxc5 23. Rxc5 f5 24. Qc2 Qe6 25. d5 Qd6 26. dxc6 bxc6 27. Rxc6 Qd5 28. Bc4 Bxf3 29. gxf3 Kh8 30. Bxd5 Rd8 31. Qxf5 1-0